000 01202cam a2200277 a 4500
999 _c8988
_d8988
001 26200
003 00000
005 20180626091526.0
008 940719s1995 mnuab b 001 0 eng
020 _a0314043985 (Hard : recycled, acidfree paper)
040 _aDDC
_cDDC
_dDDC
_beng
050 0 0 _aTS155
_b.M3343 1995
082 0 0 _a658.5
_220
100 1 _aMarkland, Robert E.
245 1 0 _aOperations management :
_bconcepts in manufacturing and services /
_cRobert E. Markland, Shawnee K. Vickery, Robert A. Davis.
260 _aMinneapolis/St. Paul :
_bWest Pub. Co.,
_cc1995.
300 _axxi, 846 p. :
_bill. (some col.), col. maps ;
_c27 cm.
504 _aIncludes bibliographical references and index.
650 0 0 _aProduction management.
700 1 _aVickery, Shawnee K.
700 1 _aDavis, Robert A.,
_d1947-
906 _a7
_bcbu
_corignew
_d1
_eocip
_f19
_gy-gencatlg
942 _2ddc
_cRBC